Realizability theory for continouus linear systems
Αποθηκεύτηκε σε:
| Κύριος συγγραφέας: | |
|---|---|
| Μορφή: | Βιβλίο |
| Γλώσσα: | English |
| Δημοσίευση: |
New York :
Academic Press,
1972
|
| Σειρά: | Mathematics in science and engineering ;
; 97 |
| Θέματα: | |
| Ετικέτες: |
Προσθήκη ετικέτας
Δεν υπάρχουν, Καταχωρήστε ετικέτα πρώτοι!
|
MARC
| LEADER | 00000nam a2200000 i 4500 | ||
|---|---|---|---|
| 001 | 1/62189 | ||
| 008 | 941103s1972 eng d | ||
| 020 | |a 0-12-779550-2 | ||
| 035 | |a 1990 |c ΔΩΡΕΑ |l 10046567 | ||
| 040 | |a GR-MY-UA |b gre |e aacr | ||
| 041 | 0 | |a eng | |
| 082 | 0 | |a 003 | |
| 100 | 1 | |a Zemanian, A. H. |q (Armen H.) | |
| 245 | 1 | 0 | |a Realizability theory for continouus linear systems / |c A.H. Zemanian |
| 260 | |a New York : |b Academic Press, |c 1972 | ||
| 300 | |a 231 p.; |c 24 cm. | ||
| 490 | 1 | |a Mathematics in science and engineering |v ; 97 | |
| 500 | |a Includes bibliographical references and index | ||
| 650 | 0 | 0 | |a System analysis. |
| 650 | 0 | 0 | |a Operator theory. |
| 650 | 0 | 0 | |a Functional analysis. |
| 650 | 0 | 0 | |a Linear systems. |
| 830 | 0 | |a Mathematics in science and engineering ; |v ; 97 | |
| 852 | |a INST |b SAMOS |e 19941103 |h 003 ZEM |p 005300002560 |q 005300002560 |t BK |y 0 | ||
| 909 | |a Σ |b 018437 | ||